LDR 01170nam a2200229 i 4500 001 000000027758 003 CaOOAMICUS 005 20241118144056.0 008 180830s1972 it u000 u ita u 040 $aSeMil$bita 245 03$aLa Chiesa dopo il Concilio :$batti del Congresso Internazionale di Diritto Canonico. Roma, 14-19 gennaio 1970. 264 1$aMilano :$bGiuffrè,$c1972. 300 $a2 v. (in 3 tomi) ;$c25 cm. 490 1 $aPubblicazioni della Facoltà di giurisprudenza dell'Università di Roma 650 4$aDiritto canonico - Studi.$0(OLS)http://semarc/subject/1680 650 4$aChiesa postconciliare.$0(OLS)http://semarc/subject/56664 774 0 $tRelazioni.$dMilano : Giuffrè, 1972.$g1$w()59387 774 0 $tComunicazioni.$dMilano : Giuffrè, 1972.$g2.$w()20934 830 0$aPubblicazioni della Facoltà di giurisprudenza dell'Università di Roma.$0(OLS)http://semarc/title/27736 996 $6245$aLa Chiesa dopo il Concilio :$batti del Congresso Internazionale di Diritto Canonico. Roma, 14-19 gennaio 1970$9(OLS)http://semarc/title/37602 996 $6264$aMilano :$bGiuffrè$9(OLS)http://semarc/publisher/29926